Toulky po východním Bavorsku a Čechách : kultura a historie /

Korporativní autor: Plzeňský kraj (Česko : 2000-). Krajský úřad
Další autoři: Blahutková, Daniela, 1973-, Jihočeský kraj (Česko : 2000-). Krajský úřad
Jazyk: Čeština
Vydáno: Regensburg : Tourismusverband Ostbayern e. V. ve spolupráci s krajskými úřady Plzeňského a Jihočeského kraje, [2007?]
Témata:
Fyzický popis: 67 s. : barev. il., mapa ; 30 cm
Knihy
Uloženo v:
LEADER 01782nam a2200457 a 4500
001 000928573
003 CZ BrMZK
005 20090409152703.0
007 ta
008 090129s2007 gw ab e f 001 0 cze
020 |q (Brož.) 
040 |a BOA001  |b cze 
041 1 |a cze  |h ger 
043 |a e-gx---  |a e-xr---  |a e-xr-cc  |2 czenas 
044 |a gw  |a xr 
072 7 |a 72  |x Architektura  |2 Konspekt  |9 21 
080 |a 904  |2 MRF 
080 |a 72:904  |2 MRF 
080 |a 94(437.31)  |2 MRF 
080 |a 94(430.129-11)  |2 MRF 
080 |a (036)  |2 MRF 
245 0 0 |a Toulky po východním Bavorsku a Čechách :  |b kultura a historie /  |c [překlad Daniela Blahutková] 
260 |a Regensburg :  |b Tourismusverband Ostbayern e. V. ve spolupráci s krajskými úřady Plzeňského a Jihočeského kraje,  |c [2007?] 
300 |a 67 s. :  |b barev. il., mapa ;  |c 30 cm 
500 |a Přeloženo z němčiny 
500 |a Název z obálky 
500 |a Obsahuje rejstřík 
650 0 7 |a kulturní památky  |7 ph115033  |z Česko  |2 czenas 
650 0 7 |a architektonické památky  |7 ph118585  |z Česko  |2 czenas 
650 0 7 |a kulturní památky  |7 ph115033  |z Německo  |2 czenas 
650 0 7 |a architektonické památky  |7 ph118585  |z Německo  |2 czenas 
655 7 |a průvodce  |7 fd133154  |2 czenas 
651 7 |a Bavorsko východní (Německo)  |7 ge217231  |x dějiny  |2 czenas 
651 7 |a Čechy (Česko)  |7 ge135869  |x dějiny  |2 czenas 
700 1 |a Blahutková, Daniela,  |d 1973-  |7 xx0033776  |4 trl 
710 1 |a Plzeňský kraj (Česko : 2000-).  |b Krajský úřad  |7 kn20040813001 
710 1 |a Jihočeský kraj (Česko : 2000-).  |b Krajský úřad  |7 xx0012668 
910 2 |a BOA001  |b 4-1218.918 
990 |a BK 
991 |b 200904 
996 6 |b 2610372707  |c 4-1218.918  |l MZK  |r Sklad / do 1 hodiny  |n 0  |p dar  |w 000928573  |u 000010  |a 1  |e BOA001  |j MZK50  |s P